Normal view
MARC view
- Silva Martínez, Guillermo Jorge
Entry Nombre Personal
001 - NUMERO DE CONTROL
- campo de control: 59510
003 - IDENTIFICADOR DE NUMERO DE CONTROL
- campo de control: MX-MxUPN
005 - FECHA Y HORA DE LA ÜLTIMA TRANSACCIÓN
- campo de control: 20260514103729.0
008 - DATOS DE LONGITUD FIJA
- campo de control de longitud fija: 260514|| aca||aabn | aaa d
040 ## - FUENTE DE CATALOGACIÓN
- Agencia original de catalogación: MX-MxUPN
- Lenguaje de catalogación: spa
- Agencia de transcripción: MX-MxUPN
100 1# - ENCABEZAMIENTO - NOMBRE PERSONAL
- Nombre personal: Silva Martínez, Guillermo Jorge
372 ## - CAMPO DE ACTIVIDAD
- Field of activity: Filosofía
- Field of activity: Didáctica
373 ## - GRUPO ASOCIADO
- Associated group: Escuela Nacional Preparatoria (Mexico)
- Fuente del término: naf
374 ## - OCUPACIÓN
- Occupation: Profesor
377 ## - LENGUA ASOCIADA
- Language code: spa
670 ## - FUENTE EN LA QUE SE LOCALIZARON DATOS
- Cita de la fuente: La claridad en la instrucción didáctica, 2025:
- Información localizada: portada (Guillermo Jorge Silva Martínez) página 4 de la cubierta (Guillermo Jorge Silva Martínez es licenciado, maestro y doctor en Filosofía por la Facultad de Filosofía y Letras de la UNAM; ha sido profesor para la ENP desde 1989; líneas de investigación: filosofía y didáctica)
902 ## - CATALOGADOR
- Catalogador: Víctor Ruiz/140526
